|
|
|
|
| LEADER |
00956cam a2200205 7i4500 |
| 001 |
0000026995 |
| 005 |
20180306090000.0 |
| 008 |
090421 bm |
| 090 |
0 |
0 |
|a RG136
|b .H37 2008
|
| 100 |
0 |
|
|a Hasnah Jani
|
| 245 |
1 |
0 |
|a Tahap pengetahuan dan sikap tentang penggunaan perancang keluarga dikalangan wanita primigravida di Klinik Kesihatan Ibu dan Anak Wilayah Persekutuan Labuan
|c Hasnah bte Jani.
|
| 260 |
|
|
|a Bestari Jaya, Selangor:
|b UNISEL,
|c 2008.
|
| 300 |
|
|
|a xi, 59 p.:
|b ill. (some col.);
|c 30 cm.
|
| 500 |
|
|
|a Please login MyLib (library.unisel.edu.my/web/guest/mylibrary - click eDocument)
|
| 502 |
|
|
|a Biomedical and Life Sciences, Bachelor, UNISEL, 2008
|
| 610 |
2 |
|
|a Universiti Industri Selangor
|
| 650 |
0 |
0 |
|a Family planning --
|x practices and obstacles
|
| 650 |
0 |
0 |
|a Family planning --
|z Sabah, Malaysia
|
| 999 |
|
|
|a THE0000728
|b THESIS
|c THESIS
|e 2nd Floor, Shah Alam
|
| 999 |
|
|
|a THE0000769
|b THESIS
|c THESIS
|e 2nd Floor, Shah Alam
|